| 000 | 01675nam a2200205 a 4500 | ||
|---|---|---|---|
| 008 | 161215t2011 spa |||g ||| 001 p spa d | ||
| 020 | _a9789873302824 | ||
| 041 | _aspa | ||
| 092 |
_c808.8 _l10 _sCAR |
||
| 100 | 1 |
_aCarozzi, Norma Aida _93100 |
|
| 245 |
_aAntiguo dueño del silencio / _cNorma Aida Carozzi |
||
| 250 | _a1a ed. | ||
| 260 |
_aNeuquén [ARG.]: _bS/E; _c2011. |
||
| 300 |
_a134 p. _c21x14.5 cm. |
||
| 500 | _aCarozzi, N. A. (2011). Antiguo dueño del silencio. (1a ed.). Neuquén : La Comercial. | ||
| 505 | _aNorma Carozzi nació en Olivos -norte del conurbano bonaerense- y a los dos años su familia de mudó a Glew, donde transcurrió su infancia y adolescencia. Tenía apenas nueve años cuando comenzó a escribir pequeñas obras para representar en la escuela primaria y a los doce su vocación se inclino por la poesía, inspirada por el entonces bucólico paisaje del pueblo de su niñez. De esa época datan sus colaboraciones en diarios de la zona. Más tarde, instalada en la Capital Federal, estudió en la UBA la carrera de Letras y en 1984 llegó a Cipolletti, su "lugar en el mundo" como gusta decir, desde donde inició un largo período de participaciones en distintas Antologías y varias premiaciones y pasó a formar parte del Centro de Escritores "Ing. César Cipolletti", que cobija sus inquietudes literarias. En este su primer libro, nos invita a recorrer los senderos que transitó su poesía por esta Patagonia ancestral y porfiada, tras los pasos de aquel "Antiguo dueño del silencio" que nos precedió en el tiempo. | ||
| 590 | _aDonación Carozzi, Norma Aida. Proyecto 4to libro | ||
| 655 |
_aPoesia _92929 |
||
| 942 |
_2ddc _cLIT |
||
| 999 |
_c2287 _d2287 |
||